000 00821nam a2200229 a 4500
001 68761
003 BD-RjUL
005 20211209081816.0
008 170405s1999 bg |||| |||| 000 0 ben d
020 _a9840739174
035 _a(BD-RjUL)68972
040 _aBD-RjUL
_beng
_cBD-RjUL
041 _aeng
082 _223
_a891.44092
_bGUW 1999
100 _aগুহ, বিমল
_9125473
245 _aওহীদুল আলম :
_b১৯১১-১৯৯৮ /
_cবিমল গুহ.
260 _aঢাকা :
_bবাংলা একাডেমী,
_c১৯৯৯.
300 _a৯৫ পৃ.;
_c২২ সে.মি.
650 _aআলম, ওহীদুল
_9121011
_vআত্মজীবনী
_y১৯১১-১৯৯৮
650 _aĀlama, Ohīdula
_9203774
_vBiography
_y1911-1998.
942 _2ddc
_cBK
999 _c68761
_d68761